[Event "Padova op-B 15th"]
[Site "Padova"]
[Date "2012.12.23"]
[Round "5"]
[White "Saponara, Nicola"]
[Black "Kolosov, Antonio"]
[Result "1-0"]
[WhiteElo "1796"]
[BlackElo "1386"]
[PlyCount "49"]
[EventDate "2012.12.15"]
[EventType "swiss"]
[EventRounds "6"]
[EventCountry "ITA"]
[SourceTitle "EXT 2015"]
[Source "ChessBase"]
[SourceDate "2014.11.20"]
[SourceVersion "1"]
[SourceVersionDate "2014.11.20"]
[SourceQuality "1"]

1. e4 e5 2. Nf3 d6 3. d4 exd4 4. Nxd4 Nf6 5. Bd3 Bd7 6. 0-0 Nc6 7. Nf5 g6 8. Ng3 Bg7 9. Nc3 0-0 10. Bg5 Qc8 11. Qc1 Be6 12. f4 Ne8 13. f5 Bd7 14. f6 Bh8 15. Nd5 Qd8 16. Ne7+ Nxe7 17. fxe7 Qc8 18. exf8Q+ Kxf8 19. Bh6+ Kg8 20. Qg5 Bd4+ 21. Kh1 Be5 22. Nh5 Bg4 23. Qe7 Ng7 24. Qxf7+ Kh8 25. Bxg7+ 1-0

[Event "Treviso op-B 34th"]
[Site "Treviso"]
[Date "2010.12.03"]
[Round "1.9"]
[White "Saponara, Nicola"]
[Black "Lorenzon, Luigi"]
[Result "1-0"]
[WhiteElo "1802"]
[BlackElo "1467"]
[PlyCount "61"]
[EventDate "2010.12.03"]
[EventType "swiss"]
[EventRounds "5"]
[EventCountry "ITA"]
[SourceTitle "EXT 2024"]
[Source "ChessBase"]
[SourceDate "2023.10.10"]
[SourceVersion "1"]
[SourceVersionDate "2023.10.10"]
[SourceQuality "1"]

1. e4 c5 2. Nf3 d6 3. d4 cxd4 4. Nxd4 Nf6 5. Nc3 a6 6. Bg5 e6 7. f4 Be7 8. Qf3 Qc7 9. 0-0-0 b5 10. g4 Bb7 11. Bxf6 Bxf6 12. g5 Be7 13. f5 Bxg5+ 14. Kb1 Nc6 15. Nxe6 fxe6 16. Qh5+ Qf7 17. Qxg5 Rd8 18. Bh3 exf5 19. Rhf1 0-0 20. Bxf5 Kh8 21. Bxh7 Qxf1 22. Bf5 Qxd1+ 23. Nxd1 Rf6 24. Bg6 Rxg6 25. Qxg6 Ne5 26. Qf5 Bc8 27. Qg5 Rf8 28. b3 Bb7 29. Qe7 Rf7 30. Qxd6 Rd7 31. Qxe5 1-0

[Event "Arco op 31st"]
[Site "Arco"]
[Date "2009.10.18"]
[Round "2"]
[White "Saponara, Nicola"]
[Black "Anquandah, Francis Eric"]
[Result "0-1"]
[WhiteElo "1845"]
[BlackElo "1440"]
[PlyCount "60"]
[EventDate "2009.10.17"]
[EventType "swiss"]
[EventRounds "9"]
[EventCountry "ITA"]
[SourceTitle "EXT 2010"]
[Source "ChessBase"]
[SourceDate "2010.11.25"]
[SourceVersion "1"]
[SourceVersionDate "2010.11.25"]
[SourceQuality "1"]

1. e4 d5 2. exd5 Qxd5 3. Nc3 Qa5 4. d4 c6 5. Bc4 Bf5 6. Bd2 Qc7 7. Nge2 e6 8. 0-0 Nf6 9. Ng3 Bg6 10. f4 Be7 11. f5 exf5 12. Nxf5 Bxf5 13. Rxf5 Qd7 14. Rf4 g5 15. Rf2 Qxd4 16. Qe2 Ng4 17. Bxf7+ Kd8 18. Bxg5 Qxf2+ 19. Qxf2 Nxf2 20. Be3 Ng4 21. Rd1+ Kc7 22. Bf4+ Kb6 23. Na4+ Ka5 24. b3 b5 25. Bc7+ Ka6 26. Rd4 bxa4 27. Rxa4+ Kb7 28. Bxb8 Bc5+ 29. Kh1 Nf2+ 30. Kg1 Raxb8 0-1

[Event "Perugia op"]
[Site "Perugia"]
[Date "2009.07.03"]
[Round "8"]
[White "Saponara, Nicola"]
[Black "Nepi, Ezio"]
[Result "1-0"]
[WhiteElo "1808"]
[BlackElo "1848"]
[PlyCount "109"]
[EventDate "2009.06.27"]
[EventType "swiss"]
[EventRounds "9"]
[EventCountry "ITA"]
[SourceTitle "EXT 2010"]
[Source "ChessBase"]
[SourceDate "2010.11.25"]
[SourceVersion "1"]
[SourceVersionDate "2010.11.25"]
[SourceQuality "1"]

1. e4 c5 2. Nf3 d6 3. d4 cxd4 4. Nxd4 Nf6 5. Nc3 Nc6 6. Bc4 e5 7. Nb3 Be6 8. Bxe6 fxe6 9. Bg5 Be7 10. Qd2 0-0 11. 0-0-0 a5 12. a4 Nb4 13. Kb1 Rc8 14. Bxf6 Rxf6 15. Qe2 Qb6 16. Rd2 Na6 17. Qb5 Qxb5 18. axb5 Nc5 19. Nxa5 Rff8 20. b4 Nb3 21. Nxb3 Rxc3 22. Kb2 Rc4 23. c3 Rfc8 24. Na5 Rxe4 25. Nxb7 d5 26. f3 Rec4 27. Na5 R4c7 28. Nc6 Bf6 29. Kb3 Rb7 30. Re1 Rxb5 31. Na7 Rbb8 32. Nxc8 Rxc8 33. Rd3 Kf7 34. Rc1 Rc4 35. Ra1 Kg6 36. Ra4 Be7 37. Re3 Kf5 38. g3 Bg5 39. Re2 Bf6 40. b5 Rc8 41. b6 Be7 42. Ra7 Kf6 43. Rc7 Rb8 44. b7 Bd8 45. Rd7 d4 46. c4 e4 47. fxe4 e5 48. Ra2 Ke6 49. Rxg7 Be7 50. Ra6+ Kd7 51. Rb6 h6 52. Kc2 Ke8 53. Rxh6 Rxb7 54. Rh8+ Kd7 55. Rxe7+ 1-0

[Event "Perugia op"]
[Site "Perugia"]
[Date "2009.06.30"]
[Round "5"]
[White "Seravelli, Paolo"]
[Black "Saponara, Nicola"]
[Result "0-1"]
[WhiteElo "1804"]
[BlackElo "1808"]
[PlyCount "74"]
[EventDate "2009.06.27"]
[EventType "swiss"]
[EventRounds "9"]
[EventCountry "ITA"]
[SourceTitle "EXT 2010"]
[Source "ChessBase"]
[SourceDate "2010.11.25"]
[SourceVersion "1"]
[SourceVersionDate "2010.11.25"]
[SourceQuality "1"]

1. e4 c5 2. Nf3 d6 3. d4 cxd4 4. Nxd4 Nf6 5. Nc3 g6 6. Be2 Bg7 7. Be3 0-0 8. 0-0 Nc6 9. a3 a6 10. h3 d5 11. Nxc6 bxc6 12. e5 Ne8 13. f4 Nc7 14. Na4 f6 15. exf6 Bxf6 16. Bd4 Ne6 17. Bxf6 Rxf6 18. g3 Qa5 19. Nc3 Qb6+ 20. Kh2 Qxb2 21. Qd2 Qb7 22. Rab1 Qd7 23. g4 Qd6 24. Kh1 Nxf4 25. Rf3 Nxe2 26. Qxe2 a5 27. Rxf6 Qxf6 28. Qd2 Qf3+ 29. Kh2 Ba6 30. Re1 Re8 31. Re3 Qf4+ 32. Kg2 d4 33. Ne2 Qxe3 34. Qxe3 dxe3 35. Kf3 Bxe2+ 36. Kxe2 Kf7 37. Kxe3 e5 0-1

[Event "Padova op 11th"]
[Site "Padova"]
[Date "2008.12.14"]
[Round "2"]
[White "Palumbo, Giuseppe"]
[Black "Saponara, Nicola"]
[Result "1-0"]
[WhiteElo "1978"]
[BlackElo "1838"]
[PlyCount "68"]
[EventDate "2008.12.13"]
[EventType "swiss"]
[EventRounds "9"]
[EventCountry "ITA"]
[SourceTitle "CBM 127 Extra"]
[Source "ChessBase"]
[SourceDate "2009.01.08"]
[SourceVersion "2"]
[SourceVersionDate "2009.01.28"]
[SourceQuality "1"]

1. e4 c5 2. Nf3 d6 3. d4 cxd4 4. Nxd4 Nf6 5. Nc3 g6 6. Be3 Bg7 7. Qd2 Ng4 8. Bg5 Qb6 9. Nb3 Be6 10. f3 Nf6 11. Be3 Qd8 12. Nd4 Bd7 13. g4 Nc6 14. h4 Rc8 15. 0-0-0 Ne5 16. Bh6 Rg8 17. Bxg7 Rxg7 18. Qh6 Kf8 19. Be2 Qa5 20. Qd2 a6 21. Kb1 b5 22. Nb3 Qb6 23. g5 Nh5 24. Nd5 Qa7 25. Rhg1 Be6 26. Na5 Qa8 27. Nb6 Qb8 28. Nxc8 Qxc8 29. f4 Nc4 30. Nxc4 bxc4 31. Bxh5 gxh5 32. f5 Bd7 33. f6 exf6 34. Qxd6+ Ke8 1-0

[Event "Padova op-A 1st"]
[Site "Padova"]
[Date "1998.12.20"]
[Round "6.18"]
[White "Saponara, Nicola"]
[Black "Verdi, Ruben"]
[Result "1-0"]
[WhiteElo "1576"]
[BlackElo "1500"]
[PlyCount "61"]
[EventDate "1998.12.12"]
[EventType "swiss"]
[EventRounds "6"]
[EventCountry "ITA"]
[SourceTitle "EXT 2023"]
[Source "ChessBase"]
[SourceDate "2022.10.05"]
[SourceVersion "1"]
[SourceVersionDate "2022.10.05"]
[SourceQuality "1"]

1. e4 c5 2. f4 d6 3. Nf3 g6 4. c3 Nc6 5. Bd3 Bg7 6. Bc2 b6 7. 0-0 Bb7 8. d3 Nf6 9. Ng5 0-0 10. h3 e6 11. Bb3 d5 12. e5 Ne8 13. d4 f6 14. Nxe6 Qd7 15. Nxf8 Kxf8 16. dxc5 d4 17. cxb6 axb6 18. Be3 Rd8 19. cxd4 Nxd4 20. Qxd4 Qc6 21. Qb4+ Nd6 22. Rf2 fxe5 23. fxe5+ Ke7 24. exd6+ Rxd6 25. Bg5+ Kd7 26. Ba4 b5 27. Bxb5 Rd1+ 28. Rf1 Bd4+ 29. Qxd4+ Rxd4 30. Bxc6+ Bxc6 31. Nc3 1-0

[Event "Padova op-A 1st"]
[Site "Padova"]
[Date "1998.12.12"]
[Round "1.10"]
[White "Zanirato, Stefano"]
[Black "Saponara, Nicola"]
[Result "1-0"]
[WhiteElo "1740"]
[BlackElo "1576"]
[PlyCount "81"]
[EventDate "1998.12.12"]
[EventType "swiss"]
[EventRounds "6"]
[EventCountry "ITA"]
[SourceTitle "EXT 2023"]
[Source "ChessBase"]
[SourceDate "2022.10.05"]
[SourceVersion "1"]
[SourceVersionDate "2022.10.05"]
[SourceQuality "1"]

1. Nf3 d5 2. d3 c5 3. c3 Nc6 4. Qc2 e5 5. e4 d4 6. Be2 Be7 7. 0-0 f5 8. Re1 fxe4 9. dxe4 Nf6 10. Bb5 Bd7 11. Nbd2 Qc7 12. Nc4 Bd6 13. cxd4 Nxd4 14. Nxd4 cxd4 15. Qa4 0-0 16. Bg5 Bc6 17. Bxc6 bxc6 18. Rac1 Rfc8 19. b4 Rab8 20. a3 Rb7 21. Na5 Rb6 22. Qb3+ Kf8 23. Qf3 Qe7 24. Qf5 Rc7 25. Nc4 Rbb7 26. f4 Rb5 27. Nxd6 Qxd6 28. fxe5 Qxe5 29. Qxe5 Rxe5 30. Bf4 Nd7 31. Rcd1 c5 32. bxc5 Rexc5 33. Bxc7 Rxc7 34. Rxd4 Ke7 35. Red1 Ke6 36. R1d2 Nc5 37. Rc2 g6 38. Rdc4 Kd6 39. e5+ Kd5 40. e6 Nxe6 41. Rxc7 1-0

[Event "Treviso Lega op"]
[Site "Treviso"]
[Date "1996.??.??"]
[Round "5"]
[White "Saponara, Nicola"]
[Black "Cacco, Christian"]
[Result "0-1"]
[WhiteElo "1665"]
[BlackElo "1685"]
[PlyCount "118"]
[EventDate "1996.??.??"]
[EventType "swiss"]
[EventRounds "6"]
[EventCountry "ITA"]
[SourceTitle "EXT 1999"]
[Source "ChessBase"]
[SourceDate "1998.11.16"]
[SourceVersion "1"]
[SourceVersionDate "1998.11.16"]
[SourceQuality "1"]

1. e4 c5 2. f4 Nc6 3. Nf3 d6 4. c3 e5 5. fxe5 dxe5 6. Bc4 Bd6 7. 0-0 Nf6 8. d3 0-0 9. Bg5 Be7 10. Bb5 Bg4 11. Bxc6 bxc6 12. Qc2 Bxf3 13. Rxf3 Nd7 14. Be3 Nb6 15. Nd2 Qc7 16. Rg3 Kh8 17. Nf3 Rad8 18. Rh3 Qd6 19. Rd1 Bf6 20. Qf2 Nd7 21. Ng5 Bxg5 22. Bxg5 Rde8 23. Qf5 h6 24. Rf1 Qe6 25. Qf2 Kg8 26. Be3 Qd6 27. Rg3 Re6 28. Qd2 Rd8 29. Rf5 Rg6 30. Rgf3 Nf6 31. Bf2 Nxe4 32. Qe3 Ng5 33. Rg3 e4 34. dxe4 Qe6 35. Rxc5 Nxe4 36. Rxg6 Qxg6 37. Re5 Nxf2 38. Kxf2 Qc2+ 39. Qe2 Rd2 40. Kf3 Rxe2 41. Rxe2 Qf5+ 42. Ke3 Qe6+ 43. Kd3 Qxa2 44. c4 Qb3+ 45. Kd4 Qb6+ 46. Kc3 c5 47. g4 Qb4+ 48. Kd3 Qb3+ 49. Ke4 Qxc4+ 50. Kf3 a5 51. h4 a4 52. h5 Qb3+ 53. Kf4 a3 54. bxa3 Qxa3 55. Re4 Qc1+ 56. Ke5 c4 57. Kd4 c3 58. Re8+ Kh7 59. Rc8 c2 0-1